| 000 | 00645nam a22002177a 4500 | ||
|---|---|---|---|
| 999 |
_c6325 _d6325 |
||
| 003 | AR-CdUCM | ||
| 008 | 190314b ||||| |||| 00| 0 spa d | ||
| 040 |
_aMUNICIPALIDAD PROVINCIAL DEL CUSCO _cBIBLIOTECA MUNICIPAL DEL CUSCO |
||
| 082 |
_a869.57 / _bP26 |
||
| 100 |
_aParedes Catunta, Henry _918099 |
||
| 245 | _aViento de Mariano / | ||
| 260 |
_aCusco : _bMunicipalidad Provincial de Canas _c2010. |
||
| 300 |
_a60 páginas ; _c21 cm. |
||
| 505 | _aContenido : Poemas | ||
| 650 |
_aPoesía _9444 |
||
| 650 |
_aPoetas cusqueños _95956 |
||
| 650 |
_aCanas _918100 |
||
| 650 |
_aLiteratura _9416 |
||
| 942 |
_2ddc _cLIBROS |
||
| 945 | _admma | ||